000 01137cam a22001814a 4500
005 20250605163659.0
008 250528s ||||||||||||||||||||||||d
035 _a24190
020 _a9282642151
040 _aGR-AtMCL
_bgre
_dGR-AtMCL
_eAACR2
245 1 _aΑπό την Ενιαία στην Ευρωπαϊκή Ένωση
260 _bΔιοικητική Μονάδα 'Εκδόσεις'
_bΕπιτροπή Των Ευρωπαϊκών Κοινοτήτων,
_c1992
300 _a52
520 _aΤομείς στους Οποίους πρέπει να Επιτευχθεί Πρόοδος, Η Ολοκλήρωση της Ενιαίας Αγοράς, Εφαρμογή της Συνθήκης του Μάαστριχτ, Χρηματοδότηση για το Μέλλον, Η Διεύρυνση της Ευρωπαϊκής Κοινότητας, Ανάληψη των Ευθυνών της Κοινότητας σε Παγκόσμιο Επίπεδο, Θεσμικά Όργανα, Χρονοδιάγραμμα, Βασικοί Όροι, Βιβλιογραφία.
942 _cCR
999 _c9085
_d9085